[Event "COL-ch visually impaired 2nd"]
[Site "Cali"]
[Date "2008.10.26"]
[Round "4.12"]
[White "Arzuza Torres, Jose Fernandez"]
[Black "Pescador, Hernando"]
[Result "0-1"]
[WhiteElo "1600"]
[BlackElo "1600"]
[PlyCount "48"]
[EventDate "2008.10.25"]
[EventType "swiss"]
[EventRounds "7"]
[EventCountry "COL"]
[SourceTitle "EXT 2024"]
[Source "ChessBase"]
[SourceDate "2023.10.10"]
[SourceVersion "1"]
[SourceVersionDate "2023.10.10"]
[SourceQuality "1"]

1. Nf3 d5 2. e4 dxe4 3. Ne5 Nf6 4. Bb5+ c6 5. Ba4 e6 6. 0-0 Bd6 7. Nc4 Bc7 8. Qe2 0-0 9. Nc3 b5 10. Nxb5 cxb5 11. Bxb5 Nbd7 12. Bxd7 Bxd7 13. d4 exd3 14. cxd3 Qb8 15. a4 Bxh2+ 16. Kh1 Bc7 17. Bg5 Nd5 18. a5 f6 19. Bh4 Bb5 20. b3 Qe8 21. Rab1 a6 22. b4 Qc6 23. Rbc1 Nf4 24. Qc2 Qxg2# 0-1

[Event "COL-ch visually impaired 2nd"]
[Site "Cali"]
[Date "2008.10.25"]
[Round "2.13"]
[White "Arzuza Torres, Jose Fernandez"]
[Black "Luna Mendoza, Maximo"]
[Result "0-1"]
[WhiteElo "1600"]
[BlackElo "1600"]
[PlyCount "54"]
[EventDate "2008.10.25"]
[EventType "swiss"]
[EventRounds "7"]
[EventCountry "COL"]
[SourceTitle "EXT 2024"]
[Source "ChessBase"]
[SourceDate "2023.10.10"]
[SourceVersion "1"]
[SourceVersionDate "2023.10.10"]
[SourceQuality "1"]

1. Nf3 d5 2. d4 Bf5 3. Bg5 f6 4. Bh4 e6 5. e3 Bb4+ 6. Nc3 Ne7 7. Bb5+ c6 8. Ba4 b5 9. Bb3 Ng6 10. 0-0 0-0 11. a3 Bd6 12. Qd2 c5 13. Rae1 Qb6 14. a4 bxa4 15. Bxa4 Qxb2 16. Rb1 Qa3 17. Rb3 Qxb3 18. cxb3 Nd7 19. Bxd7 Rfd8 20. Ba4 Bg4 21. Qe2 Rdc8 22. h3 Bf5 23. Nb5 Be7 24. dxc5 Bxc5 25. b4 Bxb4 26. Rb1 Rc4 27. Nd6 Rb8 0-1

[Event "COL-ch visually impaired 2nd"]
[Site "Cali"]
[Date "2008.10.25"]
[Round "1.8"]
[White "Quintero Gomez, Jorge Luis"]
[Black "Arzuza Torres, Jose Fernandez"]
[Result "1-0"]
[WhiteElo "1600"]
[BlackElo "1600"]
[PlyCount "34"]
[EventDate "2008.10.25"]
[EventType "swiss"]
[EventRounds "7"]
[EventCountry "COL"]
[SourceTitle "EXT 2024"]
[Source "ChessBase"]
[SourceDate "2023.10.10"]
[SourceVersion "1"]
[SourceVersionDate "2023.10.10"]
[SourceQuality "1"]

1. d4 d5 2. c4 Nf6 3. Nf3 Nc6 4. Nc3 Bg4 5. Bg5 Qd6 6. Ne5 Qe6 7. Nxg4 0-0-0 8. e3 dxc4 9. Qf3 h6 10. Bxf6 gxf6 11. Qxf6 Qxf6 12. Nxf6 Bg7 13. Nfe4 Nb4 14. Rc1 Nxa2 15. Nxa2 Rhe8 16. Bxc4 f5 17. Nc5 b6 1-0